000 01689nam0a2200421 4500
001 RU\NLR\bibl\1717825
005 20260405215839.0
010 _a978-5-7545-1548-2
_94500
021 _aRU
_b2010-92191
_96203
035 _a(nilc)RSL-KNO-004833894
035 _a(LIBNET)IZD\KAREL\2007\000052
035 _a(NLR Aleph) 001708837
090 _a1267193
_c1267193
100 _a20100625d2010 |||y0rusy50 ca
101 0 _arus
102 _aRU
105 _aa zzzz|||||
200 1 _aКарелия
_e10 шагов в новое тысячелетие
_f[авт. текстов: Е. Годовикова, А. Григорьев, Д. Дюгай и др.]
210 _aПетрозаводск
_cКарелия
_d2010
215 _a253, [1] с.
_cцв. ил., портр., карт.
_d26
300 _aАвт. указаны в вып.дан.
300 _a90-летию Республики Карелия посвящается
607 _aКарелия, Республика
_jФотоальбомы
_92081252
_3RU\NLR\auth\661257229
686 _aД9(2Р31-6Кар)0я61
_2rubbk
686 _aТ3(2Р-6Кар)74я6
686 _aУ03(2Р-6Кар)74я6
701 1 _aГодовикова
_bЕ.
_4070
701 1 _4070
_8rus
_7ca
_aГригорьев
_bА. С.
_cжурналист
_f1946-
_gАнатолий Семенович
_3RU\NLR\auth\7798316
_981242
701 1 _aДюгай
_bД.
_4070
801 0 _aRU
_bЛИБНЕТ
_c20100625
_gRCR
801 1 _aRU
_bЛИБНЕТ
_c20100625
801 2 _aRU
_bНБР Карелия
_c20101215
_gRCR
801 1 _aRU
_bRuMoRGB
_c20100625
801 2 _aRU
_bNLR
_c20101222
_grcr
942 _cBOOK
980 _aNB
980 _aNBR